000 00752nam a22001817a 4500
003 UA-OsUOA
001 14613
007 ta
008 20031012b un ||||| |||| 00| 0 ukr d
100 _aФедорович А.
942 _cSA
040 _aUA-OsUOA
_cUA-OsUOA
_dUA-OsUOA
245 _aОбмінялися досвідом : [Міжнар. ун-т "РЕГІ" ім. акад. С.Дем'янчука провів III-ю Міжнар. наук.-практ. конф. , присвячену пам'яті д-ра біолог. наук , проф. В.Завацького]
300 _aС.2
955 _a0
773 0 _w0
_tВісті Рівненщини
_dРівне
_d2003
_g№81/1 жовт./
650 7 _aЗавацький В.
_2UDC
999 _c300777
_d300777